[Event "Sofia-ch U26"]
[Site "Sofia"]
[Date "2013.11.10"]
[Round "7"]
[White "Ivanov, Stojan Lubomirov"]
[Black "Ninov, Dayan"]
[Result "0-1"]
[WhiteElo "2286"]
[BlackElo "2219"]
[PlyCount "110"]
[EventDate "2013.11.06"]
[EventType "swiss"]
[EventRounds "7"]
[EventCountry "BUL"]
[SourceTitle "EXT 2015"]
[Source "ChessBase"]
[SourceDate "2014.11.20"]
[SourceVersion "1"]
[SourceVersionDate "2014.11.20"]
[SourceQuality "1"]

1. d4 f5 2. c4 Nf6 3. Nf3 e6 4. g3 d5 5. Bg2 Bd6 6. 0-0 c6 7. Nc3 0-0 8. Bf4 Ne4 9. Bxd6 Qxd6 10. Ne5 Nd7 11. f4 Ndf6 12. Bxe4 fxe4 13. c5 Qe7 14. b4 Nd7 15. e3 Nxe5 16. fxe5 Rxf1+ 17. Qxf1 b6 18. Na4 b5 19. Nc3 a5 20. Rb1 axb4 21. Rxb4 Bd7 22. Rb2 Be8 23. Ne2 Bh5 24. Nf4 Bg4 25. h3 Bf3 26. h4 Bg4 27. Qc1 Ra4 28. Qd2 Qa7 29. Ne2 Qf7 30. Nf4 h6 31. Qf2 Rc4 32. Ne2 Bf3 33. Kh2 g5 34. Ng1 Qf5 35. Qd2 Ra4 36. Qe1 Kh7 37. Qf1 Ra3 38. Qf2 Qg4 39. Rb3 Ra7 40. Rb2 Rf7 41. Nh3 Qh5 42. Qe1 Bg4 43. Ng1 Bf3 44. Nh3 Bg4 45. Ng1 Rf5 46. Rg2 Qf7 47. Qa5 Rf1 48. Qa8 Bf3 49. Nxf3 exf3 50. Rg1 Rxg1 51. Kxg1 gxh4 52. Qxc6 f2+ 53. Kf1 h3 54. Qxb5 h2 55. Qb1+ Kg7 0-1

[Event "Sofia-ch U26"]
[Site "Sofia"]
[Date "2013.11.07"]
[Round "2"]
[White "Ivanov, Stojan Lubomirov"]
[Black "Bozilov, Dragan"]
[Result "1-0"]
[WhiteElo "2286"]
[BlackElo "1968"]
[PlyCount "69"]
[EventDate "2013.11.06"]
[EventType "swiss"]
[EventRounds "7"]
[EventCountry "BUL"]
[SourceTitle "EXT 2015"]
[Source "ChessBase"]
[SourceDate "2014.11.20"]
[SourceVersion "1"]
[SourceVersionDate "2014.11.20"]
[SourceQuality "1"]

1. Nf3 d5 2. c4 d4 3. b4 f6 4. Bb2 e5 5. a3 Be6 6. d3 Nd7 7. g3 a5 8. b5 Nc5 9. a4 Bd6 10. Bg2 Qd7 11. h4 Ne7 12. Nbd2 Bf5 13. Ba3 0-0-0 14. Nb3 Nxb3 15. Qxb3 Bxa3 16. Qxa3 e4 17. dxe4 Bxe4 18. 0-0 Qe6 19. Rfd1 Nf5 20. Rac1 h5 21. Qc5 b6 22. Qa3 g5 23. hxg5 h4 24. g4 Nd6 25. Nxd4 Qxg4 26. Qh3 f5 27. f3 Qxh3 28. Bxh3 Bb7 29. Nxf5 Nxf5 30. Bxf5+ Kb8 31. Kf2 Rdf8 32. e4 h3 33. g6 Rhg8 34. c5 Rg7 35. c6 1-0

[Event "Sofia-ch U26"]
[Site "Sofia"]
[Date "2013.11.06"]
[Round "1"]
[White "Todorov, Rosen"]
[Black "Ivanov, Stojan Lubomirov"]
[Result "0-1"]
[WhiteElo "1682"]
[BlackElo "2286"]
[PlyCount "94"]
[EventDate "2013.11.06"]
[EventType "swiss"]
[EventRounds "7"]
[EventCountry "BUL"]
[SourceTitle "EXT 2015"]
[Source "ChessBase"]
[SourceDate "2014.11.20"]
[SourceVersion "1"]
[SourceVersionDate "2014.11.20"]
[SourceQuality "1"]

1. e4 c6 2. d4 d5 3. exd5 cxd5 4. Bd3 Nf6 5. c3 Nc6 6. Bg5 Qb6 7. Qc2 e5 8. dxe5 Nxe5 9. Qe2 Qe6 10. Bc2 Ne4 11. Be3 Bc5 12. Nf3 Bxe3 13. fxe3 Nc4 14. b3 Ncd6 15. 0-0 0-0 16. c4 dxc4 17. bxc4 Qe7 18. Nbd2 Bf5 19. Nxe4 Nxe4 20. Nd4 Bg6 21. Rae1 Qc5 22. Rf4 Rae8 23. Qf3 Nd2 24. Qg4 Nxc4 25. Bxg6 hxg6 26. Qh3 Qc8 27. Qf3 Ne5 28. Qf1 Qc3 29. Nb5 Qc5 30. Nd4 Qa5 31. Nb5 Qxa2 32. Nd6 Rd8 33. Rd4 Nc6 34. Rdd1 Qe6 35. Nxb7 Rxd1 36. Rxd1 Qxe3+ 37. Kh1 Ne5 38. Nd6 Ng4 39. Re1 Qb6 40. Ne4 Re8 41. h3 Rxe4 42. hxg4 Rxg4 43. g3 Qc6+ 44. Kh2 Rc4 45. Rd1 Rc2+ 46. Kg1 Qc5+ 47. Kh1 Qh5+ 0-1

[Event "BUL-ch U26"]
[Site "Sofia"]
[Date "2012.11.10"]
[Round "5"]
[White "Enchev, Ivajlo"]
[Black "Ivanov, Stojan Lubomirov"]
[Result "1-0"]
[WhiteElo "2411"]
[BlackElo "2295"]
[PlyCount "93"]
[EventDate "2012.11.07"]
[EventType "swiss"]
[EventRounds "7"]
[EventCountry "BUL"]
[SourceTitle "EXT 2014"]
[Source "ChessBase"]
[SourceDate "2013.11.20"]
[SourceVersion "1"]
[SourceVersionDate "2013.11.20"]
[SourceQuality "1"]

1. e4 e5 2. Nf3 Nc6 3. Bb5 Nf6 4. d3 Bc5 5. Bxc6 dxc6 6. 0-0 Qe7 7. Be3 0-0 8. Nbd2 Rd8 9. Qe2 Nd7 10. Nc4 f6 11. Nh4 Nf8 12. f4 exf4 13. Rxf4 Ng6 14. Nf5 Bxf5 15. Rxf5 Bxe3+ 16. Nxe3 Ne5 17. Raf1 Rd7 18. R5f4 Qe6 19. b3 Rad8 20. Qh5 Qe8 21. Qh3 Ng6 22. Rf5 Qe6 23. Qh5 Ne5 24. R5f4 Qe8 25. Qe2 c5 26. Nf5 Ng6 27. Rg4 Qe5 28. Rg3 Qb2 29. Qf2 b6 30. h4 Nf8 31. d4 Ne6 32. d5 Nf8 33. Qf4 Ng6 34. Qg4 Ne5 35. Qe2 Kh8 36. h5 h6 37. Qf2 Rf7 38. Nxg7 Rxg7 39. Rxg7 Nf3+ 40. Qxf3 Kxg7 41. c3 Rf8 42. e5 f5 43. e6 Qc2 44. Qg3+ Kh8 45. Qe5+ Kg8 46. e7 Re8 47. Qe6+ 1-0

[Event "Kesarovski Georgiev Memorial 11th"]
[Site "Sunny Beach"]
[Date "2012.09.07"]
[Round "7"]
[White "Zidek, Vaclav"]
[Black "Ivanov, Stojan Lubomirov"]
[Result "1/2-1/2"]
[WhiteElo "2189"]
[BlackElo "2303"]
[PlyCount "125"]
[EventDate "2012.09.01"]
[EventType "swiss"]
[EventRounds "9"]
[EventCountry "BUL"]
[SourceTitle "CBM 150 Extra"]
[Source "ChessBase"]
[SourceDate "2012.10.19"]
[SourceVersion "1"]
[SourceVersionDate "2012.10.19"]
[SourceQuality "1"]

1. d4 d5 2. Nc3 Nf6 3. Bg5 Bf5 4. f3 c6 5. Qd2 Nbd7 6. 0-0-0 e6 7. e3 h6 8. Bh4 b5 9. g4 Bg6 10. Bd3 Bxd3 11. Qxd3 Qa5 12. Kb1 Nb6 13. Bxf6 gxf6 14. Nh3 Nc4 15. Ka1 Rb8 16. b3 Rb6 17. Nf4 Ra6 18. Nfe2 Qa3 19. Rb1 Bb4 20. e4 Bxc3+ 21. Nxc3 b4 22. Na4 Ra5 23. bxc4 Qxa4 24. Rb2 Kd7 25. Qb3 Qxb3 26. Rxb3 Rb8 27. exd5 cxd5 28. Rhb1 dxc4 29. Rxb4 Rxb4 30. Rxb4 Ra3 31. Rxc4 Rxf3 32. Ra4 Kd6 33. Rxa7 Kd5 34. Rxf7 Kxd4 35. Kb2 e5 36. h4 e4 37. a4 e3 38. Re7 Rf4 39. a5 Re4 40. Rxe4+ Kxe4 41. a6 e2 42. a7 e1Q 43. a8Q+ Kf4 44. Qa4+ Kf3 45. h5 Qe5+ 46. Kb3 Qe6+ 47. Qc4 Qxc4+ 48. Kxc4 Kxg4 49. Kd5 f5 50. c4 f4 51. c5 f3 52. c6 f2 53. c7 f1Q 54. c8Q+ Kxh5 55. Qe8+ Kg5 56. Qe7+ Kg4 57. Qg7+ Kh5 58. Qe5+ Kg6 59. Qe8+ Kg5 60. Qe7+ Kh5 61. Qe5+ Kh4 62. Qe7+ Kh5 63. Qe5+ 1/2-1/2

[Event "Teteven op 26th"]
[Site "Teteven"]
[Date "2011.08.17"]
[Round "5"]
[White "Ivanov, Stojan Lubomirov"]
[Black "Pantev, Veselin"]
[Result "1-0"]
[WhiteElo "2247"]
[BlackElo "2377"]
[PlyCount "109"]
[EventDate "2011.08.13"]
[EventType "swiss"]
[EventRounds "9"]
[EventCountry "BUL"]
[SourceTitle "CBM 143 Extra"]
[Source "ChessBase"]
[SourceDate "2011.08.29"]
[SourceVersion "1"]
[SourceVersionDate "2011.08.29"]
[SourceQuality "1"]

1. e4 c5 2. Nf3 Nc6 3. d4 cxd4 4. Nxd4 e5 5. Nb5 d6 6. N1c3 a6 7. Na3 b5 8. Nd5 Nce7 9. c4 Nxd5 10. Qxd5 Be6 11. Qd3 b4 12. Nc2 Rb8 13. Ne3 Nf6 14. Nd5 Nd7 15. Be3 Nc5 16. Bxc5 dxc5 17. Be2 Be7 18. 0-0 0-0 19. Rad1 Bg5 20. Qg3 Bf4 21. Nxf4 exf4 22. Rxd8 fxg3 23. Rd6 gxf2+ 24. Kxf2 a5 25. Rfd1 a4 26. Rc6 Rfc8 27. Rdd6 Kf8 28. Rxc8+ Rxc8 29. Ra6 Rd8 30. Ke3 Rd4 31. Rc6 a3 32. bxa3 bxa3 33. Rxc5 Rd6 34. Ra5 Rb6 35. Rxa3 Rb2 36. Ra7 Ke8 37. a4 Kd8 38. a5 Kc8 39. a6 Ra2 40. c5 Ra3+ 41. Kd4 Ra4+ 42. Ke5 Ra2 43. Bf3 Kb8 44. Rb7+ Kc8 45. c6 Rxa6 46. Kd6 Ra2 47. e5 Rd2+ 48. Ke7 g5 49. h3 h5 50. Bxh5 Rxg2 51. Bxf7 Bxh3 52. Be8 Re2 53. Bd7+ Bxd7 54. cxd7+ Kxb7 55. e6 1-0

[Event "Teteven op 26th"]
[Site "Teteven"]
[Date "2011.08.16"]
[Round "4"]
[White "Kozhuharov, Spas"]
[Black "Ivanov, Stojan Lubomirov"]
[Result "1/2-1/2"]
[WhiteElo "2431"]
[BlackElo "2247"]
[PlyCount "51"]
[EventDate "2011.08.13"]
[EventType "swiss"]
[EventRounds "9"]
[EventCountry "BUL"]
[SourceTitle "CBM 143 Extra"]
[Source "ChessBase"]
[SourceDate "2011.08.29"]
[SourceVersion "1"]
[SourceVersionDate "2011.08.29"]
[SourceQuality "1"]

1. c4 Nf6 2. Nc3 c5 3. Nf3 Nc6 4. g3 g6 5. d4 cxd4 6. Nxd4 d6 7. Bg2 Bd7 8. 0-0 Bg7 9. b3 Qb6 10. e3 0-0 11. Bb2 Rac8 12. Rc1 Qa5 13. h3 a6 14. Qe2 Rfe8 15. a3 Qb6 16. b4 Ne5 17. Nb1 Nc6 18. Nc3 Ne5 19. Nb1 Nc6 20. Nd2 Nh5 21. N2b3 Nxd4 22. Nxd4 Nf6 23. Nb3 Bc6 24. e4 Nh5 25. Bxg7 Nxg7 26. Qd2 1/2-1/2

[Event "Wch U18"]
[Site "Porto Carras"]
[Date "2010.10.20"]
[Round "1"]
[White "Salem, AR Saleh"]
[Black "Ivanov, Stojan Lubomirov"]
[Result "1-0"]
[WhiteElo "2501"]
[BlackElo "2240"]
[PlyCount "69"]
[EventDate "2010.10.20"]
[EventType "swiss"]
[EventRounds "11"]
[EventCountry "GRE"]
[SourceTitle "EXT 2011"]
[Source "ChessBase"]
[SourceDate "2010.11.26"]
[SourceVersion "1"]
[SourceVersionDate "2010.11.26"]
[SourceQuality "1"]

1. d4 d5 2. c4 c6 3. Nc3 Nf6 4. e3 Bf5 5. cxd5 cxd5 6. Qb3 Bc8 7. Nf3 Nc6 8. Ne5 e6 9. f4 Be7 10. Bd3 Nd7 11. 0-0 0-0 12. Nxc6 bxc6 13. Na4 f5 14. Qc2 Qc7 15. Bd2 a5 16. Bb5 Bb7 17. Rfc1 Rfc8 18. Qb3 Qd8 19. Bf1 Rcb8 20. Qd1 Nf6 21. Rc2 Ne4 22. Be1 Qd6 23. Rac1 Bd8 24. Bd3 Rc8 25. Bxe4 dxe4 26. Rc5 Ra6 27. Qb3 Rb8 28. Rxf5 Bc8 29. Qc4 Kh8 30. Re5 Bf6 31. Rxa5 Rxa5 32. Bxa5 Qd5 33. Qxd5 cxd5 34. Bc7 Rb7 35. Nb6 1-0

[Event "Kesarovski Georgiev Memorial 9th"]
[Site "Sunny Beach"]
[Date "2010.08.30"]
[Round "3"]
[White "Bielavsky, Jiri"]
[Black "Ivanov, Stojan Lubomirov"]
[Result "0-1"]
[WhiteElo "2000"]
[BlackElo "2223"]
[PlyCount "46"]
[EventDate "2010.08.28"]
[EventType "swiss"]
[EventRounds "9"]
[EventCountry "BUL"]
[SourceTitle "CBM 138 Extra"]
[Source "ChessBase"]
[SourceDate "2010.10.29"]
[SourceVersion "1"]
[SourceVersionDate "2010.10.29"]
[SourceQuality "1"]

1. e4 c5 2. Nf3 d6 3. d4 cxd4 4. Nxd4 Nf6 5. Nc3 a6 6. Bc4 e6 7. Bb3 b5 8. Qf3 Bb7 9. a3 Nbd7 10. 0-0 Nc5 11. Re1 Nxb3 12. Nxb3 Be7 13. Qg3 0-0 14. Bh6 Ne8 15. Rad1 Bh4 16. Qg4 f5 17. exf5 exf5 18. Rxe8 fxg4 19. Rxd8 Bxf2+ 20. Kh1 Raxd8 21. Bg5 Rde8 22. Nc1 Re5 23. Bd2 Rh5 0-1

[Event "Wch U20 49th"]
[Site "Chotowa"]
[Date "2010.08.14"]
[Round "11"]
[White "Herman, Jean"]
[Black "Ivanov, Stojan Lubomirov"]
[Result "0-1"]
[WhiteElo "2094"]
[BlackElo "2223"]
[PlyCount "74"]
[EventDate "2010.08.03"]
[EventType "swiss"]
[EventRounds "13"]
[EventCountry "POL"]
[SourceTitle "CBM 137 Extra"]
[Source "ChessBase"]
[SourceDate "2010.09.01"]
[SourceVersion "1"]
[SourceVersionDate "2010.09.01"]
[SourceQuality "1"]

1. d4 d5 2. c4 c6 3. Nf3 Nf6 4. Nc3 dxc4 5. a4 Bf5 6. e3 e6 7. Bxc4 Bb4 8. 0-0 Nbd7 9. Qe2 Bg6 10. e4 0-0 11. Bd3 h6 12. Rd1 Rc8 13. Na2 Be7 14. b4 a5 15. Ba3 Re8 16. Rab1 Bf8 17. e5 Bxd3 18. Qxd3 Nd5 19. bxa5 Qxa5 20. Bxf8 Nxf8 21. Qb3 Ra8 22. Nb4 Reb8 23. Nxd5 cxd5 24. Rdc1 Qxa4 25. Qb6 Qa5 26. Qb3 b5 27. h4 Qa2 28. Qxa2 Rxa2 29. Rb4 Ra4 30. Rcb1 Rxb4 31. Rxb4 Ng6 32. Ne1 Ne7 33. Nc2 Nc6 34. Rb3 b4 35. Kf1 Ra8 36. Ke2 Ra2 37. Kd3 Rxc2 0-1

[Event "Wch U20 49th"]
[Site "Chotowa"]
[Date "2010.08.12"]
[Round "9"]
[White "Fernandez, Daniel Howard"]
[Black "Ivanov, Stojan Lubomirov"]
[Result "1-0"]
[WhiteElo "2401"]
[BlackElo "2223"]
[PlyCount "155"]
[EventDate "2010.08.03"]
[EventType "swiss"]
[EventRounds "13"]
[EventCountry "POL"]
[SourceTitle "CBM 137 Extra"]
[Source "ChessBase"]
[SourceDate "2010.09.01"]
[SourceVersion "1"]
[SourceVersionDate "2010.09.01"]
[SourceQuality "1"]

1. e4 c5 2. Nc3 d6 3. Nf3 Nf6 4. e5 dxe5 5. Nxe5 Nbd7 6. Nc4 a6 7. a4 g6 8. g3 Bg7 9. Bg2 Nb6 10. Ne3 a5 11. 0-0 Rb8 12. Qe2 Bd7 13. Re1 0-0 14. Nc4 Bg4 15. Qf1 Nbd5 16. Nd1 Nb4 17. Nde3 Be6 18. d3 b6 19. c3 Nbd5 20. Nxd5 Nxd5 21. Bg5 Bf6 22. h4 Qd7 23. Qe2 Rfe8 24. Ne5 Qc8 25. Bh6 Qc7 26. Ng4 Bg7 27. Bd2 Bxg4 28. Qxg4 e6 29. Bxd5 exd5 30. Bf4 Rxe1+ 31. Rxe1 Qc8 32. Qg5 Rb7 33. Qxd5 Rd7 34. Qe4 h5 35. Qe8+ Qxe8 36. Rxe8+ Kh7 37. Rb8 Rxd3 38. Rxb6 Rd1+ 39. Kg2 Ra1 40. Rb5 Rxa4 41. Rxc5 Ra2 42. Rb5 a4 43. Bc1 a3 44. bxa3 Bxc3 45. Rb3 Bd4 46. Be3 Bxe3 47. Rxe3 Kg7 48. Kf3 Kf8 49. Rd3 Ke7 50. Ke3 Ke6 51. f4 Kf5 52. Kd4 f6 53. Kc4 Kg4 54. Kb3 Ra1 55. a4 g5 56. fxg5 fxg5 57. hxg5 Kxg5 58. Kb4 Kg4 59. a5 Rf1 60. Ra3 Rf6 61. Kc5 Ra6 62. Kb5 Rg6 63. a6 Rg7 64. Kc6 Rg6+ 65. Kc5 Rg8 66. a7 Ra8 67. Kc6 Rf8 68. a8Q Rxa8 69. Rxa8 Kxg3 70. Rg8+ Kf3 71. Rh8 Kg4 72. Kd5 h4 73. Ke4 Kg3 74. Ke3 h3 75. Rg8+ Kh2 76. Kf2 Kh1 77. Rg1+ Kh2 78. Rg3 1-0

[Event "Wch U20 49th"]
[Site "Chotowa"]
[Date "2010.08.11"]
[Round "8"]
[White "Ivanov, Stojan Lubomirov"]
[Black "Firat, Burak"]
[Result "1/2-1/2"]
[WhiteElo "2223"]
[BlackElo "2420"]
[PlyCount "120"]
[EventDate "2010.08.03"]
[EventType "swiss"]
[EventRounds "13"]
[EventCountry "POL"]
[SourceTitle "CBM 137 Extra"]
[Source "ChessBase"]
[SourceDate "2010.09.01"]
[SourceVersion "1"]
[SourceVersionDate "2010.09.01"]
[SourceQuality "1"]

1. e4 e6 2. d4 d5 3. e5 c5 4. c3 Nc6 5. Nf3 Bd7 6. a3 f6 7. b4 cxd4 8. cxd4 fxe5 9. dxe5 Qc7 10. Bb2 Nh6 11. Bd3 Nf7 12. Qe2 a6 13. 0-0 Be7 14. Nbd2 0-0 15. Nb3 Nfd8 16. Rac1 Be8 17. Qe3 Bh5 18. Nfd4 Qd7 19. f4 Nxd4 20. Nxd4 Nc6 21. Qh3 Nxd4 22. Bxh7+ Kxh7 23. Qxh5+ Kg8 24. Bxd4 a5 25. Bb6 axb4 26. Rc7 Qe8 27. Qxe8 Rfxe8 28. axb4 Bxb4 29. Rxb7 Rec8 30. Bc7 Bc5+ 31. Kh1 Be3 32. h3 d4 33. Bb6 Ra6 34. Rc7 Rxc7 35. Bxc7 d3 36. g3 Ra2 37. Rd1 Rd2 38. Rf1 Rc2 39. Bd6 d2 40. Ba3 Rc1 41. Bxc1 dxc1Q 42. Rxc1 Bxc1 43. Kg2 Kf7 44. Kf3 Bd2 45. h4 Kg6 46. g4 Kh6 47. h5 Bb4 48. Ke4 Be7 49. Kf3 Bf8 50. Ke4 Kh7 51. Kd4 Kg8 52. Ke4 Kf7 53. Kd4 Ke8 54. Ke4 Kd7 55. Kd4 Kc6 56. Ke4 Kd7 57. Kd4 Ba3 58. Ke4 Be7 59. Kd4 Bf8 60. Ke4 Be7 1/2-1/2

[Event "BUL-ch U20"]
[Site "Sofia"]
[Date "2010.03.14"]
[Round "9"]
[White "Ivanov, Stojan Lubomirov"]
[Black "Janev, Pavel"]
[Result "1/2-1/2"]
[WhiteElo "2197"]
[BlackElo "2033"]
[PlyCount "68"]
[EventDate "2010.03.08"]
[EventType "tourn"]
[EventRounds "9"]
[EventCountry "BUL"]
[SourceTitle "CBM 135 Extra"]
[Source "ChessBase"]
[SourceDate "2010.05.04"]
[SourceVersion "1"]
[SourceVersionDate "2010.05.04"]
[SourceQuality "1"]

1. b3 d5 2. Bb2 c5 3. e3 Nf6 4. Nf3 Nc6 5. Bb5 e6 6. Ne5 Qc7 7. Bxc6+ bxc6 8. 0-0 Nd7 9. f4 Nxe5 10. Bxe5 Qd8 11. Qf3 f6 12. Bb2 g6 13. Nc3 Bd6 14. Na4 0-0 15. Ba3 Ba6 16. c4 Qe7 17. d3 d4 18. exd4 cxd4 19. Qxc6 Bxa3 20. Qxa6 Rac8 21. c5 Rc7 22. Rfe1 Re8 23. Re2 Bxc5 24. Nxc5 Rxc5 25. Rae1 e5 26. b4 Rd5 27. Qc4 Qd6 28. fxe5 fxe5 29. Rc1 Kg7 30. Qc7+ Re7 31. Qc4 Qe6 32. Rce1 Qd6 33. Rc2 Qe6 34. Rce2 Qd6 1/2-1/2

[Event "Teteven op 24th"]
[Site "Teteven"]
[Date "2009.08.19"]
[Round "6"]
[White "Bonev, Todor"]
[Black "Ivanov, Stojan Lubomirov"]
[Result "1-0"]
[WhiteElo "2260"]
[BlackElo "2150"]
[PlyCount "65"]
[EventDate "2009.08.15"]
[EventType "swiss"]
[EventRounds "9"]
[EventCountry "BUL"]
[SourceTitle "CBM 131 Extra"]
[Source "ChessBase"]
[SourceDate "2009.09.03"]
[SourceVersion "2"]
[SourceVersionDate "2009.09.16"]
[SourceQuality "1"]

1. e4 c5 2. Nf3 d6 3. d4 cxd4 4. Nxd4 Nf6 5. Nc3 a6 6. Be2 e5 7. Nb3 Be7 8. 0-0 0-0 9. Be3 Be6 10. a4 Nbd7 11. Qd2 Rc8 12. a5 Qc7 13. Rfc1 Qc6 14. Bf3 Rfd8 15. Nd5 Bxd5 16. exd5 Qc4 17. Qd3 Qb4 18. Qd1 Qb5 19. Nd2 Nxd5 20. c4 Nxe3 21. cxb5 Nxd1 22. Rxc8 Rxc8 23. Bxb7 Rd8 24. bxa6 Nc5 25. Rxd1 d5 26. b4 Nxa6 27. Bxa6 Bxb4 28. Nc4 Ra8 29. Bb7 Ra7 30. Bxd5 Bxa5 31. Ra1 Bb6 32. Rxa7 Bxa7 33. Nxe5 1-0

[Event "BUL-chT2"]
[Site "Sunny Beach"]
[Date "2009.06.13"]
[Round "6.5"]
[White "Ivanov, Stojan Lubomirov"]
[Black "Kukov, Andrej"]
[Result "1-0"]
[WhiteElo "2125"]
[BlackElo "2032"]
[PlyCount "79"]
[EventDate "2009.06.08"]
[EventType "team-swiss"]
[EventRounds "7"]
[EventCountry "BUL"]
[SourceTitle "CBM 130 Extra"]
[Source "ChessBase"]
[SourceDate "2009.07.02"]
[SourceVersion "2"]
[SourceVersionDate "2009.07.15"]
[SourceQuality "1"]

1. e4 e6 2. d4 d5 3. e5 c5 4. c3 Qb6 5. Nf3 Bd7 6. Qb3 Qxb3 7. axb3 Nc6 8. dxc5 Bxc5 9. b4 Bb6 10. Na3 Nge7 11. b5 Na5 12. Nd2 0-0 13. b4 Nc4 14. Naxc4 dxc4 15. Nxc4 Bc7 16. Nd6 Ng6 17. f4 f6 18. Nxb7 fxe5 19. Nc5 Bc8 20. Bc4 exf4 21. 0-0 Re8 22. Bd2 Kf8 23. g3 e5 24. Bd5 Rb8 25. Rxa7 Re7 26. c4 Bf5 27. Rxc7 Rxc7 28. Na6 Rcb7 29. Nxb8 Rxb8 30. gxf4 Bd3 31. Rf2 e4 32. Be3 Nh4 33. Bc5+ Ke8 34. Ra2 Nf5 35. Kf2 Rc8 36. Bc6+ Kf7 37. Bd5+ Ke8 38. b6 e3+ 39. Bxe3 Bxc4 40. b7 1-0